| 000 | 00370nam a2200121Ia 4500 | ||
|---|---|---|---|
| 008 | 170224s9999 xx 000 0 und d | ||
| 245 | _aDivide and conquer: When and why leaders undermine the cohesive fabric of their group. | ||
| 260 | _bJournal of Personality and Social Psychology | ||
| 260 | _c2014 | ||
| 300 | _a107:6 | ||
| 500 | _aDecember | ||
| 650 | _xPsychology. | ||
| 999 |
_c316448 _d316448 |
||